[Event "Sochi Doroshkevich Amateur op"]
[Site "Sochi"]
[Date "2017.12.25"]
[Round "5"]
[White "Trubchaninov, Timur"]
[Black "Prokhorko, Mikhail"]
[Result "1/2-1/2"]
[WhiteElo "2224"]
[BlackElo "2095"]
[PlyCount "141"]
[EventDate "2017.12.21"]
[EventType "swiss"]
[EventRounds "9"]
[EventCountry "RUS"]
[SourceTitle "CBM 182 Extra"]
[Source "ChessBase"]
[SourceDate "2018.02.23"]
[SourceVersion "1"]
[SourceVersionDate "2018.02.23"]
[SourceQuality "1"]

1. e4 c6 2. d4 Qc7 3. Nc3 d6 4. f4 e5 5. Nf3 Bg4 6. Be2 Nd7 7. 0-0 Ngf6 8. Be3 Be7 9. a4 a5 10. h3 Bxf3 11. Bxf3 h6 12. Qd2 Nf8 13. Qf2 Ne6 14. fxe5 dxe5 15. d5 Nd4 16. Bxd4 exd4 17. Qxd4 cxd5 18. Nb5 Qc8 19. Kh1 dxe4 20. Bg4 Qd8 21. Qe5 0-0 22. Rad1 Nxg4 23. hxg4 Bf6 24. Qxe4 Qb8 25. Rd7 b6 26. Qd5 Qg3 27. Rxf7 Rxf7 28. Qxa8+ Rf8 29. Qd5+ Kh8 30. Nd6 Qxg4 31. c3 Qxa4 32. Kg1 Qc2 33. Ne4 Qxb2 34. Qd6 Rd8 35. Qc7 Rf8 36. Qd6 Rd8 37. Qc7 Rg8 38. Nxf6 gxf6 39. Qc6 Kh7 40. Rxf6 Qc1+ 41. Kh2 Qe3 42. Re6 Qf4+ 43. Kg1 Qc1+ 44. Kh2 Qf4+ 45. Kg1 Qg5 46. Qd7+ Kh8 47. Qc6 Kh7 48. Qe4+ Kh8 49. Rxb6 Qc5+ 50. Qd4+ Qxd4+ 51. cxd4 Kh7 52. Kf2 Ra8 53. Rb2 Kg6 54. Ke3 a4 55. d5 a3 56. Ra2 Kf6 57. Kd4 Ke7 58. Kc5 Kd7 59. d6 Ra5+ 60. Kb4 Ra6 61. Rxa3 Rxa3 62. Kxa3 Kxd6 63. Kb3 Ke5 64. Kc3 Kf4 65. Kd3 Kg3 66. Ke4 Kg4 67. Ke3 Kg3 68. Ke4 h5 69. Kf5 h4 70. Kg5 Kxg2 71. Kxh4 1/2-1/2

[Event "EU School-ch U17"]
[Site "Budva"]
[Date "2017.06.14"]
[Round "4"]
[White "Mandic, Stefan"]
[Black "Trubchaninov, Timur"]
[Result "0-1"]
[WhiteElo "1912"]
[BlackElo "2181"]
[PlyCount "58"]
[EventDate "2017.06.11"]
[EventType "swiss"]
[EventRounds "7"]
[EventCountry "MNE"]
[SourceTitle "EXT 2024"]
[Source "ChessBase"]
[SourceDate "2023.10.10"]
[SourceVersion "1"]
[SourceVersionDate "2023.10.10"]
[SourceQuality "1"]

1. e4 c5 2. Nf3 d6 3. d4 Nf6 4. Nc3 cxd4 5. Nxd4 Nc6 6. Bc4 e6 7. 0-0 a6 8. a4 Bd7 9. Kh1 Be7 10. Nde2 0-0 11. f4 Qc7 12. Ng3 Kh8 13. Ba2 Rac8 14. Nce2 Nb4 15. c3 Nxa2 16. Rxa2 Nxe4 17. Nxe4 Qc4 18. b3 Qxe4 19. c4 Rcd8 20. Ng3 Qg6 21. Rd2 Bc6 22. Bb2 f5 23. Nh5 Rf7 24. Rff2 Bh4 25. Rf1 Rfd7 26. Qe2 d5 27. c5 d4 28. Rd3 Be4 29. Rh3 d3 0-1

[Event "EU School-ch U17"]
[Site "Budva"]
[Date "2017.06.12"]
[Round "2"]
[White "Trubchaninov, Timur"]
[Black "Garbowski, Jakub"]
[Result "0-1"]
[WhiteElo "2181"]
[BlackElo "2091"]
[PlyCount "72"]
[EventDate "2017.06.11"]
[EventType "swiss"]
[EventRounds "7"]
[EventCountry "MNE"]
[SourceTitle "EXT 2024"]
[Source "ChessBase"]
[SourceDate "2023.10.10"]
[SourceVersion "1"]
[SourceVersionDate "2023.10.10"]
[SourceQuality "1"]

1. e4 c5 2. Nf3 g6 3. c3 d5 4. e5 Nc6 5. h3 Bf5 6. d4 cxd4 7. cxd4 Be4 8. Bb5 Rc8 9. Nc3 Bg7 10. 0-0 Bxf3 11. Qxf3 e6 12. Be3 Nge7 13. a3 0-0 14. Rad1 f6 15. exf6 Bxf6 16. Qg4 Nf5 17. Ne2 Qb6 18. Bxc6 Rxc6 19. Rd2 Bg7 20. Ng3 e5 21. Qf3 exd4 22. Qxd5+ Kh8 23. Bf4 Re6 24. Ne2 Ne7 25. Qc4 Re4 26. Bc7 Qf6 27. Ng3 Re6 28. Ba5 Rc8 29. Qb3 b6 30. Bb4 a5 31. Bxe7 Qxe7 32. Qd3 Re8 33. Rdd1 Rf8 34. Rd2 Re8 35. Rdd1 Qc5 36. Rc1 Qe7 0-1

[Event "Moscow op-A 13th"]
[Site "Moscow"]
[Date "2017.02.04"]
[Round "8"]
[White "Konaplev, Anton"]
[Black "Trubchaninov, Timur"]
[Result "1/2-1/2"]
[WhiteElo "2182"]
[BlackElo "2263"]
[PlyCount "130"]
[EventDate "2017.01.28"]
[EventType "swiss"]
[EventRounds "9"]
[EventCountry "RUS"]
[SourceTitle "EXT 2018"]
[Source "ChessBase"]
[SourceDate "2017.10.13"]
[SourceVersion "1"]
[SourceVersionDate "2017.10.13"]
[SourceQuality "1"]

1. d4 d5 2. c4 e6 3. Nc3 c6 4. e3 Nf6 5. Nf3 Nbd7 6. Qc2 Be7 7. b3 0-0 8. Be2 b6 9. 0-0 Bb7 10. Bb2 c5 11. Rfd1 cxd4 12. Nxd4 Rc8 13. Rac1 Bc5 14. Qb1 dxc4 15. Bxc4 Qe7 16. h3 a6 17. a4 Ne5 18. Bf1 Rfd8 19. Nde2 Nc6 20. Rxd8+ Rxd8 21. Rd1 Nb4 22. Nf4 Bd6 23. Ba3 e5 24. Nd3 Rc8 25. Bxb4 Bxb4 26. Nxb4 Qxb4 27. Qb2 g6 28. Na2 Qe4 29. Rc1 Rd8 30. b4 Rd7 31. Nc3 Qf5 32. Rd1 Rxd1 33. Nxd1 Ne4 34. Qc2 Qd7 35. Nb2 Ng5 36. Qd3 Qxd3 37. Bxd3 Ne6 38. Nc4 e4 39. Be2 Nc7 40. Nxb6 Bc6 41. Kf1 Kf8 42. Ke1 Ke7 43. Kd2 Kd6 44. Kc3 Be8 45. Nc4+ Kd5 46. Bd1 f5 47. Bb3 g5 48. Na5+ Ke5 49. Nb7 h5 50. Nc5 h4 51. Bc4 f4 52. Kd2 f3 53. gxf3 exf3 54. Nd3+ Kf5 55. Ne1 Bc6 56. Bd3+ Ke5 57. Bf1 Kf5 58. Nc2 Ne6 59. a5 g4 60. hxg4+ Kxg4 61. e4 Bxe4 62. Ne3+ Kf4 63. Bxa6 Nd4 64. Bc8 Bc6 65. Kd3 Bb5+ 1/2-1/2

[Event "Moscow op-A 13th"]
[Site "Moscow"]
[Date "2017.01.31"]
[Round "4"]
[White "Chekletsov, Ilya"]
[Black "Trubchaninov, Timur"]
[Result "1-0"]
[WhiteElo "2412"]
[BlackElo "2263"]
[PlyCount "55"]
[EventDate "2017.01.28"]
[EventType "swiss"]
[EventRounds "9"]
[EventCountry "RUS"]
[SourceTitle "EXT 2018"]
[Source "ChessBase"]
[SourceDate "2017.10.13"]
[SourceVersion "1"]
[SourceVersionDate "2017.10.13"]
[SourceQuality "1"]

1. d4 d5 2. c4 e6 3. Nf3 c6 4. Qc2 dxc4 5. Qxc4 Nf6 6. g3 b5 7. Qd3 Bb7 8. a4 a6 9. Bg2 Nbd7 10. Nfd2 Qb6 11. 0-0 Rd8 12. Nc3 Be7 13. Nb3 0-0 14. Be3 b4 15. a5 Qa7 16. Na4 Nd5 17. Rac1 Bf6 18. Bd2 e5 19. e4 Ne7 20. Bxb4 exd4 21. f4 c5 22. Naxc5 Nc6 23. Ba3 Be7 24. Nxb7 Qxb7 25. e5 Nb4 26. Bxb7 Nxd3 27. Bxe7 Rb8 28. Rc7 1-0

[Event "World School-ch U17 12th"]
[Site "Sochi"]
[Date "2016.12.09"]
[Round "7"]
[White "Agdelen, Huseyin Can"]
[Black "Trubchaninov, Timur"]
[Result "1-0"]
[WhiteElo "2351"]
[BlackElo "2254"]
[PlyCount "75"]
[EventDate "2016.12.03"]
[EventType "swiss"]
[EventRounds "9"]
[EventCountry "RUS"]
[SourceTitle "CBM 176 Extra"]
[Source "ChessBase"]
[SourceDate "2017.03.02"]
[SourceVersion "1"]
[SourceVersionDate "2017.03.02"]
[SourceQuality "1"]

1. e4 c5 2. Nf3 d6 3. d4 Nf6 4. dxc5 Nxe4 5. cxd6 Nc6 6. Be3 Nxd6 7. Nc3 Bg4 8. h3 Bh5 9. g4 Bg6 10. Nd4 e5 11. Nxc6 bxc6 12. Bg2 Qc7 13. Qe2 Be7 14. Qa6 e4 15. 0-0-0 0-0 16. Bf4 f5 17. gxf5 Rxf5 18. Bxd6 Bxd6 19. Bxe4 Rf6 20. Bxg6 Rxg6 21. Rd3 Rb8 22. Rhd1 Rb4 23. a3 Rh4 24. Kb1 h6 25. f3 Kh7 26. Ne4 Be5 27. b3 Rxh3 28. Qc4 Rh4 29. Ka2 Rg2 30. Rd7 Qb6 31. Qd3 Rg6 32. Re7 Qa5 33. Rg1 Qd5 34. Nf6+ Bxf6 35. Qxg6+ Kh8 36. Re8+ Qg8 37. Rxg8+ Kxg8 38. Qxf6 1-0

[Event "World School-ch U17 12th"]
[Site "Sochi"]
[Date "2016.12.08"]
[Round "6"]
[White "Ozen, Bahadir"]
[Black "Trubchaninov, Timur"]
[Result "1/2-1/2"]
[WhiteElo "2372"]
[BlackElo "2254"]
[PlyCount "21"]
[EventDate "2016.12.03"]
[EventType "swiss"]
[EventRounds "9"]
[EventCountry "RUS"]
[SourceTitle "CBM 176 Extra"]
[Source "ChessBase"]
[SourceDate "2017.03.02"]
[SourceVersion "1"]
[SourceVersionDate "2017.03.02"]
[SourceQuality "1"]

1. Nf3 Nf6 2. g3 g6 3. b3 Bg7 4. Bb2 b6 5. Bg2 Bb7 6. 0-0 0-0 7. c4 c5 8. Nc3 Nc6 9. Nb1 Nb8 10. Nc3 Nc6 11. Nb1 1/2-1/2

[Event "EU-ch U16 26th"]
[Site "Prague"]
[Date "2016.08.27"]
[Round "9"]
[White "Trubchaninov, Timur"]
[Black "Birkisson, Bardur Orn"]
[Result "1/2-1/2"]
[WhiteElo "2228"]
[BlackElo "2028"]
[PlyCount "73"]
[EventDate "2016.08.18"]
[EventType "swiss"]
[EventRounds "9"]
[EventCountry "CZE"]
[SourceTitle "CBM 174 Extra"]
[Source "ChessBase"]
[SourceDate "2016.10.10"]
[SourceVersion "1"]
[SourceVersionDate "2016.10.10"]
[SourceQuality "1"]

1. c4 Nf6 2. g3 c6 3. Bg2 d5 4. Nf3 Bg4 5. 0-0 Nbd7 6. d4 e6 7. Nc3 dxc4 8. e4 Bb4 9. Qe2 b5 10. h3 Bxf3 11. Qxf3 e5 12. Rd1 0-0 13. Qf5 Qc7 14. Bg5 Rfe8 15. dxe5 Qxe5 16. Bxf6 Nxf6 17. Qxe5 Rxe5 18. f4 Bxc3 19. bxc3 Rxe4 20. a4 a6 21. axb5 cxb5 22. Bxe4 Nxe4 23. Rxa6 Rc8 24. Ra3 Nxg3 25. Kg2 Nf5 26. Kf3 g6 27. Rb1 Rd8 28. Rxb5 Rd3+ 29. Kg2 Rg3+ 30. Kf2 Rxh3 31. Rc5 Nd6 32. Kg2 Rd3 33. Ra6 Kg7 34. Rcc6 Nf5 35. Ra3 Nd6 36. Raa6 Nf5 37. Ra3 1/2-1/2

[Event "EU-ch U16 26th"]
[Site "Prague"]
[Date "2016.08.25"]
[Round "7"]
[White "Trubchaninov, Timur"]
[Black "Abdulla, Murad"]
[Result "1-0"]
[WhiteElo "2228"]
[BlackElo "2103"]
[PlyCount "73"]
[EventDate "2016.08.18"]
[EventType "swiss"]
[EventRounds "9"]
[EventCountry "CZE"]
[SourceTitle "CBM 174 Extra"]
[Source "ChessBase"]
[SourceDate "2016.10.10"]
[SourceVersion "1"]
[SourceVersionDate "2016.10.10"]
[SourceQuality "1"]

1. e4 c5 2. Nf3 d6 3. d4 cxd4 4. Nxd4 Nf6 5. Nc3 g6 6. Be3 Bg7 7. f3 0-0 8. Qd2 Nc6 9. 0-0-0 d5 10. Kb1 Rb8 11. Ndb5 a6 12. Na7 e6 13. Qf2 Re8 14. Bc4 Qe7 15. Bc5 Qc7 16. Bb6 Qe7 17. Bb3 Nd7 18. exd5 Nxb6 19. dxc6 Qc7 20. Qc5 Bd7 21. Qd6 Qxd6 22. Rxd6 bxc6 23. Nxc6 Rb7 24. Na5 Rbb8 25. Rhd1 Bxc3 26. bxc3 Bb5 27. R1d4 Rec8 28. Rb4 Nc4 29. Nxc4 Bxc4 30. Bxc4 Rxb4+ 31. cxb4 Rxc4 32. a3 a5 33. b5 Rc5 34. b6 Kf8 35. c4 Rc8 36. b7 Rb8 37. Rd7 1-0

[Event "EU-ch U16 26th"]
[Site "Prague"]
[Date "2016.08.20"]
[Round "3"]
[White "Trubchaninov, Timur"]
[Black "Fakhrutdinov, Timur"]
[Result "0-1"]
[WhiteElo "2228"]
[BlackElo "2375"]
[PlyCount "62"]
[EventDate "2016.08.18"]
[EventType "swiss"]
[EventRounds "9"]
[EventCountry "CZE"]
[SourceTitle "CBM 174 Extra"]
[Source "ChessBase"]
[SourceDate "2016.10.10"]
[SourceVersion "1"]
[SourceVersionDate "2016.10.10"]
[SourceQuality "1"]

1. e4 c5 2. Nf3 d6 3. d4 cxd4 4. Nxd4 Nf6 5. Nc3 a6 6. h3 e6 7. g4 Be7 8. Bg2 Nfd7 9. Be3 Nc6 10. h4 0-0 11. g5 Nde5 12. f4 Nc4 13. Bc1 Qb6 14. Nxc6 bxc6 15. b3 Ne3 16. Qe2 Nxg2+ 17. Qxg2 f5 18. Rh3 e5 19. Rg3 fxe4 20. fxe5 d5 21. Bb2 Bc5 22. 0-0-0 Bf2 23. Rf1 Be6 24. Ba3 Bxg3 25. Rxf8+ Rxf8 26. Qxg3 Rf3 27. Qe1 Qa5 28. Bb2 Bh3 29. Qd2 Rf1+ 30. Nd1 Bg4 31. Qxa5 Rxd1# 0-1

[Event "EU-ch U16 26th"]
[Site "Prague"]
[Date "2016.08.19"]
[Round "2"]
[White "Trubchaninov, Timur"]
[Black "Pechac, Jergus"]
[Result "1-0"]
[WhiteElo "2228"]
[BlackElo "2443"]
[PlyCount "55"]
[EventDate "2016.08.18"]
[EventType "swiss"]
[EventRounds "9"]
[EventCountry "CZE"]
[SourceTitle "CBM 174 Extra"]
[Source "ChessBase"]
[SourceDate "2016.10.10"]
[SourceVersion "1"]
[SourceVersionDate "2016.10.10"]
[SourceQuality "1"]

1. e4 c5 2. Nf3 d6 3. d4 cxd4 4. Nxd4 Nf6 5. Nc3 a6 6. h3 e6 7. g4 Be7 8. Bg2 Qc7 9. Be3 Nc6 10. g5 Nd7 11. Qd2 Rb8 12. a4 b6 13. f4 Bb7 14. Nde2 0-0 15. h4 Nc5 16. h5 f5 17. h6 g6 18. exf5 Rxf5 19. Bh3 Na5 20. Rf1 Rbf8 21. Bxf5 Rxf5 22. b4 Nab3 23. cxb3 Nxb3 24. Qb2 Nxa1 25. Nd5 Nc2+ 26. Kf2 Bf6 27. Nxf6+ Kf8 28. Qc3 1-0

[Event "Moscow op-A"]
[Site "Moscow"]
[Date "2016.02.04"]
[Round "6"]
[White "Trubchaninov, Timur"]
[Black "Bikuzhin, Maksim"]
[Result "1/2-1/2"]
[WhiteElo "2144"]
[BlackElo "2301"]
[PlyCount "81"]
[EventDate "2016.01.30"]
[EventType "swiss"]
[EventRounds "9"]
[EventCountry "RUS"]
[SourceTitle "CBM 170 Extra"]
[Source "ChessBase"]
[SourceDate "2016.02.25"]
[SourceVersion "1"]
[SourceVersionDate "2016.02.25"]
[SourceQuality "1"]

1. e4 e5 2. Nf3 Nf6 3. Nc3 d6 4. d4 Nbd7 5. Bc4 Be7 6. 0-0 0-0 7. h3 c6 8. a4 Nxe4 9. Bxf7+ Rxf7 10. Nxe4 exd4 11. Nfg5 Bxg5 12. Bxg5 Qc7 13. Qxd4 d5 14. Ng3 Nf8 15. Rae1 Be6 16. Re5 h6 17. Bd2 c5 18. Qe3 d4 19. Qe4 Bc4 20. Re1 Nd7 21. Re7 Rxe7 22. Qxe7 Bf7 23. Qh4 Re8 24. Re7 Rxe7 25. Qxe7 Qc6 26. b3 Qe6 27. Qxe6 Bxe6 28. f4 Nf6 29. b4 c4 30. c3 dxc3 31. Bxc3 Nd5 32. Ne2 Bf5 33. Bd4 a6 34. b5 Bd3 35. Nc3 Nxf4 36. Kf2 Kf7 37. h4 Ne6 38. Be5 h5 39. Ke3 Kg6 40. Bd6 Kf5 41. Bb8 1/2-1/2

[Event "EU-ch U14 23rd"]
[Site "Budva"]
[Date "2013.10.05"]
[Round "6"]
[White "Vogel, Roven"]
[Black "Trubchaninov, Timur"]
[Result "1-0"]
[WhiteElo "2105"]
[BlackElo "2060"]
[PlyCount "69"]
[EventDate "2013.09.29"]
[EventType "swiss"]
[EventRounds "9"]
[EventCountry "MNE"]
[SourceTitle "EXT 2014"]
[Source "ChessBase"]
[SourceDate "2013.11.20"]
[SourceVersion "1"]
[SourceVersionDate "2013.11.20"]
[SourceQuality "1"]

1. Nf3 d5 2. c4 e6 3. g3 Nf6 4. Bg2 dxc4 5. Qa4+ c6 6. Qxc4 b5 7. Qb3 Bb7 8. 0-0 Nbd7 9. Nc3 Be7 10. d4 a6 11. Ne5 Nxe5 12. dxe5 Ng4 13. Ne4 Nxe5 14. Qc3 f6 15. Bf4 Nf7 16. Rad1 Qb6 17. Be3 Qc7 18. Nc5 Bxc5 19. Bxc5 Rd8 20. f4 e5 21. Qe3 Qc8 22. Qb3 Rxd1 23. Rxd1 h5 24. fxe5 Nxe5 25. Bb6 Ke7 26. Bc5+ Ke8 27. Be4 h4 28. Qc2 Qg4 29. Bf5 Qg5 30. Rd8+ Kxd8 31. Qd1+ Ke8 32. Qd6 Nf3+ 33. Kg2 Ne1+ 34. Kh1 Qxf5 35. Qe7# 1-0

[Event "World School-ch U13 9th"]
[Site "Porto Carras"]
[Date "2013.05.09"]
[Round "3"]
[White "Kazantsev, Nikita"]
[Black "Trubchaninov, Timur"]
[Result "0-1"]
[WhiteElo "1898"]
[BlackElo "2038"]
[PlyCount "76"]
[EventDate "2013.05.07"]
[EventType "swiss"]
[EventRounds "9"]
[EventCountry "GRE"]
[SourceTitle "CBM 154 Extra"]
[Source "ChessBase"]
[SourceDate "2013.06.25"]
[SourceVersion "2"]
[SourceVersionDate "2013.06.25"]
[SourceQuality "1"]

1. e4 c5 2. Nf3 d6 3. d4 cxd4 4. Nxd4 Nf6 5. Nc3 a6 6. Be3 e6 7. Be2 Be7 8. 0-0 0-0 9. a4 Qc7 10. f4 b6 11. Bf3 Bb7 12. g4 Nc6 13. g5 Nd7 14. Nde2 Rfe8 15. Ng3 Bf8 16. Rf2 g6 17. Rd2 Na5 18. Qc1 Nc4 19. Rd1 Bg7 20. Bf2 Nxb2 21. Qxb2 Bxc3 22. Qa2 Bxa1 23. Qxa1 Nc5 24. Qf6 Qe7 25. Qa1 e5 26. fxe5 dxe5 27. h4 f5 28. Qa2+ Kh8 29. Bxc5 Qxc5+ 30. Kg2 fxe4 31. Nxe4 Bxe4 32. Bxe4 Rad8 33. Qf7 Rxd1 34. Qxe8+ Kg7 35. Bd3 Rd2+ 36. Kf3 Qf2+ 37. Ke4 Qd4+ 38. Kf3 Qf4# 0-1

[Event "Krasnodar Region-ch U16"]
[Site "Bzhid"]
[Date "2013.03.08"]
[Round "7"]
[White "Trubchaninov, Timur"]
[Black "Pashkin, Nikita"]
[Result "1-0"]
[WhiteElo "2047"]
[BlackElo "1537"]
[PlyCount "45"]
[EventDate "2013.03.02"]
[EventType "swiss"]
[EventRounds "9"]
[EventCountry "RUS"]
[SourceTitle "EXT 2015"]
[Source "ChessBase"]
[SourceDate "2014.11.20"]
[SourceVersion "1"]
[SourceVersionDate "2014.11.20"]
[SourceQuality "1"]

1. e4 e5 2. Nf3 Nc6 3. Nc3 Nf6 4. d4 exd4 5. Nxd4 Bb4 6. Nxc6 bxc6 7. Bd3 0-0 8. 0-0 Re8 9. Bg5 h6 10. Bh4 Be7 11. Re1 Bb7 12. f4 d5 13. e5 Nd7 14. Bf2 Nb6 15. Qg4 Bf8 16. Qf5 g6 17. Qg4 Kh7 18. Bh4 Be7 19. f5 Bg5 20. Bf2 Rg8 21. e6 h5 22. fxg6+ fxg6 23. Qxh5+ 1-0

[Event "Krasnodar Region Cup"]
[Site "Krasnodar"]
[Date "2013.01.30"]
[Round "8"]
[White "Pudovkin, Dmitry"]
[Black "Trubchaninov, Timur"]
[Result "1/2-1/2"]
[WhiteElo "2292"]
[BlackElo "2017"]
[PlyCount "109"]
[EventDate "2013.01.23"]
[EventType "swiss"]
[EventRounds "8"]
[EventCountry "RUS"]
[SourceTitle "EXT 2023"]
[Source "ChessBase"]
[SourceDate "2022.10.05"]
[SourceVersion "1"]
[SourceVersionDate "2022.10.05"]
[SourceQuality "1"]

1. d4 Nf6 2. Nf3 g6 3. c3 Bg7 4. h3 d6 5. Bf4 0-0 6. e3 Nbd7 7. Be2 e6 8. 0-0 Qe7 9. Na3 a6 10. Re1 b6 11. Nc4 Bb7 12. a4 Ne4 13. Qb3 Rab8 14. Rad1 g5 15. Bh2 f5 16. Ncd2 Ndf6 17. Nxe4 Nxe4 18. Nd2 Nxd2 19. Rxd2 Bh8 20. Qd1 Bf6 21. Bf3 Bxf3 22. Qxf3 Qg7 23. Qh5 Qg6 24. Qxg6+ hxg6 25. g4 Rbd8 26. Kg2 Rfe8 27. d5 Kg7 28. f3 exd5 29. Rxd5 Be5 30. gxf5 gxf5 31. Bg1 c6 32. Rd3 d5 33. Red1 Bc7 34. Bf2 Kf7 35. Rh1 Rg8 36. Bg3 Bxg3 37. Kxg3 Ke6 38. Rdd1 Rd7 39. c4 Rgd8 40. cxd5+ cxd5 41. Rd4 Rh7 42. Rb4 Rg8 43. Rxb6+ Ke5 44. Re1 Rgh8 45. f4+ gxf4+ 46. exf4+ Kd4 47. Rh1 Rg7+ 48. Kf3 Rhg8 49. Ke2 Rg2+ 50. Kd1 Rc8 51. Rb4+ Kd3 52. Rb3+ Kd4 53. Rb4+ Kd3 54. Rb3+ Kd4 55. Rb4+ 1/2-1/2

[Event "Krasnodar Region Cup"]
[Site "Krasnodar"]
[Date "2013.01.26"]
[Round "4"]
[White "Trubchaninov, Timur"]
[Black "Nazarov, Mikhail"]
[Result "1-0"]
[WhiteElo "2017"]
[BlackElo "2132"]
[PlyCount "75"]
[EventDate "2013.01.23"]
[EventType "swiss"]
[EventRounds "8"]
[EventCountry "RUS"]
[SourceTitle "EXT 2023"]
[Source "ChessBase"]
[SourceDate "2022.10.05"]
[SourceVersion "1"]
[SourceVersionDate "2022.10.05"]
[SourceQuality "1"]

1. e4 b6 2. d4 e6 3. Nf3 Bb7 4. Bd3 Nf6 5. Qe2 d5 6. e5 Ne4 7. 0-0 h6 8. Ne1 c5 9. c3 a5 10. f3 Ng5 11. Nd2 g6 12. f4 Nh7 13. Ndf3 Ba6 14. Bxa6 Rxa6 15. g4 c4 16. Ng2 b5 17. f5 gxf5 18. gxf5 exf5 19. Nfh4 Rg8 20. Nxf5 Rag6 21. Ng3 Nc6 22. Qf3 R8g7 23. Bd2 Ng5 24. Bxg5 Rxg5 25. e6 f5 26. Rf2 Ne7 27. Nh5 R7g6 28. Kh1 Rxe6 29. Ngf4 Re4 30. Nf6+ Kf7 31. Nxe4 dxe4 32. Qe2 Qa8 33. Ng2 Kg6 34. Rg1 Bg7 35. Nf4+ Kf6 36. Rfg2 Nd5 37. Nh5+ Kg6 38. h4 1-0